00819nam a2200241 a 4500001001000000003000500010005001700015008004100032010001100073011001100084040000900095245012500104260004600229300001700275650003300292650002800325650002400353650003600377650003800413650004100451650003100492710005400523000110461CHAP20220329144134.0140829s2014 mx a |r| |||||||spa d a106923 a107895 cCHAP00aEstadísticas a propósito de ... :bla Industria automotriz /cpor Instituto Nacional de Estadística y Geografía. aAguascalientes, Méx. :bINEGI,c[2014]. a33 p. :bil.14aComercio exteriorzMéxico.14aCostos de producción.14aEmpresaszMéxico.14aIndustria automotrizxMéxico.14aIndustriaxAspectos económicos.14aIndustriaxEstadísticaszMéxico.14aProductividad del trabajo.2 aInstituto Nacional de Estadística y Geografía